Sports Quiz

Random Sports or Football Quiz

Lindsey Hunter All-Stars* Quiz Stats

 Plays Quiz not verified by Sporcle

Challenge
Share
Tweet
Embed
Score 0/21 Timer 08:00
0 Plays Today
Team Name % Correct
New Jersey NetsBrook Lopez
60.8%
Phoenix SunsRobin Lopez
52%
Indianapolis ColtsPeyton Manning
46.8%
Dallas CowboysMarion Barber
38.8%
Denver BroncosAshley Lelie
38.4%
Toronto RaptorsAndrea Bargnani
35.2%
-Kelly Slater
30.8%
Houston RocketsTracy McGrady
27.6%
Tampa Bay (Devil) RaysAubrey Huff
21.2%
Toronto Blue JaysAlexis Rios
21.2%
Denver BroncosTatum Bell
20.4%
Team Name % Correct
Los Angeles LakersShannon Brown
20.4%
Cleveland IndiansCoco Crisp
11.6%
Cincinnati BengalsKelley Washington
9.6%
Charlotte BobcatsAlexis Ajinca
6.8%
ArsenalThierry Henry
6.4%
Minnesota TwinsBoof Bonser
5.2%
Ottawa SenatorsMarian Hossa
4.8%
Chicago BlackhawksJocelyn Thibault
1.6%
Chicago BullsHorace Grant
0.8%
Calgary FlamesValeri Bure
0%

You're not logged in!

Compare scores with friends on all Sporcle quizzes.
Join for Free
OR
Log In

You Might Also Like...

Show Comments

Extras

Top Quizzes Today


Score Distribution

Your Account Isn't Verified!

In order to create a playlist on Sporcle, you need to verify the email address you used during registration. Go to your Sporcle Settings to finish the process.

Report this User

Report this user for behavior that violates our Community Guidelines.

Details: